Регионална библиотека "Любен Каравелов" - Русе

Силистренски окръг (Запис номер 391786)

MARC детайли
000 -Лидер
Контролно поле с фиксирана дължина nmm a22 a 4500
003 - Код на организацията, давaща контролен номер
Контролно поле BLK
005 - Дата и час на последна редакция
Контролно поле 20210210154808.0
008 - Елементи от данни с фиксирана дължина
fixed length control field 201126b bu ||||| |||| 00| 0 bu d
037 ## - Източник за комплектуване - предоставяща организация
Баркод или инв.номер в предоставящата организация 5692/75
Предоставяща организация (билиотека) Регионална библиотека "Партений Павлович" - Силистра
040 ## - Източник на каталожния запис
Идентификатор на билиотеката - собственик на записа BLK
041 ## - Код за език
Код за езика на текст/звукозапис или на отделно заглавие Български
Код за езика КДБФ Български
080 ## - УДК
Текстов определител УДК Краезнание
УДК код - определител по УДК 908
УДК определител (497.2-22)
УДК - код + определител 908(497.2-22)
139 ## - Редно поле
Редна дума Силистренски окръг
Авторски знак Сил - С 36
245 ## - Сведения за заглавието
Заглавие Силистренски окръг
Подзаглавни данни Албум / Текст Стефан Поптонев; Фотогр. Петър Франц
257 ## - Страна на издаване
Страна на създаване/издаване България
260 ## - Област на издателските данни
9 (RLIN) 217100
Място на издаване, разпространение и проч. София
Име на издателя, разпространителя и проч. Фотоиздат
Година на издаване 1975
300 ## - Физическа характеристика
Страници 86 с.
Илюстрации и др. с ил.
Размери/Мащаб 21 см
380 ## - Жанр
Жанр География
490 ## - СЕРИИ (Колекции)
9 (RLIN) 410374
Име на серия Писмените съкровища на Долен Дунав
500 ## - Общи забележки
Забележка Книгата е от Регионална библиотека "Партений Павлович" - Силистра по проект "Писмените съкровища на Долен Дунав"
650 #0 - Допълнително описание по предмет – тема
9 (RLIN) 436081
Основно описание – тема или топоним Силистренски окръг
653 #7 - Ключова дума – ненормативна
9 (RLIN) 196564
Ключова дума Силистра
653 #7 - Ключова дума – ненормативна
9 (RLIN) 180586
Ключова дума албуми
700 ## - Други автори (авторска отговорност)
9 (RLIN) 389248
Лично име Поптонев, Стефан
Автороска отговорност (Описва отношението между автора и произведението) текст
700 ## - Други автори (авторска отговорност)
9 (RLIN) 351319
Лично име Франц, Петър
Автороска отговорност (Описва отношението между автора и произведението) фотогр.
856 ## - Електронен адрес и достъп
Електронен формат pdf - файл
Път до файла /url/ http://87.120.137.51:18080/cgi-bin/koha/opac-retrieve-file.pl?id=234a4c2075cc94973b2984cc1b87af8a
999 ## - СИСТЕМНИ КОНТРОЛНИ НОМЕРА
Koha biblionumber 391786
Koha biblioitemnumber 391786
942 ## - АРТИКУЛИ
Вид на библиотечния материал Електронен екземпляр
Скрит в OPAC Не
Периодичен библиозапис Да
944 ## - СЪЗДАВАНЕ И РЕДАКЦИЯ на ЗАПИСА
Създаване/Редакция Създаване
Дата на регистрацията/редакция 2020-11-26
Служител, извършил регистрацията/редакцията Христина Везирева
999 ## - СИСТЕМНИ КОНТРОЛНИ НОМЕРА
Koha biblioitemnumber 391786
999 ## - СИСТЕМНИ КОНТРОЛНИ НОМЕРА
Koha biblioitemnumber 391786
Наличности
Код за отписване Код за изгубен артикул Източник на класификационната схема Код за повреда Коз за рестрикции Код за отдаване Артикулен № Име на библиотеката - собственик Име на библиотеката, в която се намира в момента Статус (Текущо местоположение) Дата на вписване в системата Местоположение - отдел Цена в лева Инвентарен номер Баркод Цена в евро Служебен тип на артикула
  Не е изгубен Universal Decimal Classification Не е повреден без рестрикции заемане за дома 811325 Регионална библиотека "Любен Каравелов" Русе Регионална библиотека "Любен Каравелов" Русе ROBG-290 Писмените съкровища на Долен Дунав 2021-02-09 ROBG-290 Писмените съкровища на Долен Дунав 0.00 5692/75 700000000368 0.00 Електронен екземпляр
Vip Innovations Ltd, Rousse, Bulgaria 2025